| 000 | 01185nam a2200277Ia 4500 | ||
|---|---|---|---|
| 003 | OSt | ||
| 005 | 20221005104027.0 | ||
| 006 | a|||||r|||| 00| 0 | ||
| 007 | ta | ||
| 008 | 221004b |||||||| |||| 00| 0 hin d | ||
| 020 |
_a8186684980 (hbk (Set)) _c950 |
||
| 024 | _a2588 | ||
| 037 |
_bBR6652, 24/01/2013, Rajkamal Prakashan Pvt. Ltd. _cTextual |
||
| 040 |
_aCRL _cCRL _bhin |
||
| 041 |
_2hin _ahin |
||
| 082 | _aW3v1, 152P2.1-.2 | ||
| 100 | _aमार्क ब्लाख | ||
| 245 | 0 |
_aसामंती समाज _b परतंत्रता के बंधनों का विकास |
|
| 246 | _aSāmantī samāja: paratantratā ke bandhanoan kā vikāsa | ||
| 260 |
_aदिल्ली _bग्रंथशिल्पी भारत _c2002 |
||
| 490 | _vभाग 1 | ||
| 650 | _aभारतीय राजनीति | ||
| 700 |
_a मिश्र, कृष्णकान्त, अनु. _9162064 |
||
| 942 |
_hW3v1, 152P2.1-.2 _cTEXL _2cc |
||
| 999 |
_c1011524 _d1011524 |
||